| 000 | 00000ngs##2200000za#4500 |
| 001 | 9.513535 |
| 003 | CaOODSP |
| 005 | 20210319123952 |
| 007 | vd |v|||| |
| 008 | 150406c2004||||xxc||#m q||||f| |0fre|d |
| 040 | |aCaOODSP|bfre |
| 043 | |an-cn--- |
| 086 | 1 |aSC102-1F-DVD |
| 110 | 2 |aÉcole de la fonction publique du Canada. |
| 245 | 10|aProgramme de français langue seconde - Niveau C |h[enregistrement vidéo] |
| 260 | |aOttawa - Ontario : |bÉcole de la fonction publique du Canada |
| 310 | |aIrrégulier |
| 776 | 0#|tProgramme de français langue seconde - Niveau C |w(CaOODSP)9.501587 |
| 776 | 0#|tProgramme de français langue seconde - Niveau C |w(CaOODSP)9.513534 |